Cookie Monster and the cookie tree / (Record no. 104393)
[ view plain ]
| 000 -LEADER | |
|---|---|
| fixed length control field | 00517nam a2200169 a 4500 |
| 005 - DATE AND TIME OF LATEST TRANSACTION | |
| control field | 20140412111321.0 |
| 008 - FIXED-LENGTH DATA ELEMENTS--GENERAL INFORMATION | |
| fixed length control field | 001219s19uu xx 00 eng d |
| 050 ## - LIBRARY OF CONGRESS CALL NUMBER | |
| Classification number | ER |
| Item number | Co771 |
| 100 ## - MAIN ENTRY--PERSONAL NAME | |
| Personal name | Korr, David |
| 245 ## - TITLE STATEMENT | |
| Title | Cookie Monster and the cookie tree / |
| Statement of responsibility, etc | by David Korr ; illustrated by Joe Mathieu. |
| 260 ## - PUBLICATION, DISTRIBUTION, ETC. (IMPRINT) | |
| Place of publication, distribution, etc | U. S. A : |
| Name of publisher, distributor, etc | CTW/Sesame Street, |
| Date of publication, distribution, etc | [n.d.] |
| 300 ## - PHYSICAL DESCRIPTION | |
| Extent | 1 v. (unp.) ; ill. |
| 440 ## - SERIES STATEMENT/ADDED ENTRY--TITLE | |
| Title | CTW/Sesame Street |
| 650 ## - SUBJECT ADDED ENTRY--TOPICAL TERM | |
| Topical term or geographic name as entry element | Children's stories -- Fiction |
| 650 ## - SUBJECT ADDED ENTRY--TOPICAL TERM | |
| Topical term or geographic name as entry element | Sharing -- Fiction |
| Withdrawn status | Lost status | Damaged status | Use restrictions | Home library | Current library | Shelving location | Date acquired | Source of acquisition | Total Checkouts | Full call number | Barcode | Date last seen | Price effective from | Koha item type |
|---|---|---|---|---|---|---|---|---|---|---|---|---|---|---|
| Elizalde Library | Elizalde Library | Easy Reading Section | 12/19/2000 | ER Co771 | E7690 | 04/12/2014 | 04/12/2014 | Books |